00962nam a2200181 a 4500041000800000100002200008245013900030260006600169300001000235520026800245650001800513650001900531650002400550662005100574700002400625700002500649773010600674 aspa aMúnera, Claudia aEspecies amenazadas de la Serranía de las Quinchas, jurisdicción de la Corporación Autónoma Regional de Boyacá (CORPOBOYACA) aBogotábInstituto Alexander von HumboldtbCORPOBOYACAc2002 a23 p. aSe identifican las especies de aves amenazadas con distribución confirmada el el área de la Serranía de las Quinchas - Boyacá, y con potencial de distribución allí mismo. Se identifican los ecosistemas en los que se encuentran las especies amenazadas. aBiodiversidad aConservación aEspecies amenazadas aColombiacSerranía de las QuinchasbBoyacá aFranco, Ana María aRenjifo, Luis Miguel0 05986abdBogotá Informatica documental 2007o024802tInformes de investigaciones IAVH en PDFwxz